00781nam a22001937a 4500010001300000020001100013035001300024037001600037040001200053082003500065245018800100246005400288260007400342270007100416300001800487650001700505650002200522700004300544 aB-138059 c250.00 aB-138059 aCen Lib/Ret aDPLbHN a388.341bरिक्शाए aरिक्शा : एक महागाथा :bपहचान संग्रस और दावेदारी /cसम्पादक राजेन्द्र रवि  aRickshaw : Ekmahagatha /bedited by Rajendra Ravi aनई दिल्ली bवाणी प्रकाशन c2004 a21-ए, दरयागंज bनई दिल्लीe110054 a228p ; b24cm aRickshaw men aSocial conditions aराजेन्द्र रवि